description foireuse d'anime - Statistiques

Statistiques générales
  • Ce quiz a été pris 415 fois
  • Le résultat moyen est 20 sur 34
Statistiques - réponses
description foireuse animé % Correct
une classe essaye de tuer leur prof assassination classroom
97%
un mec aux cheveux vert, et pour devenir fort il a dû manger un cheveu my hero academia
95%
un dieu qui fait que manger des pommes death note
93%
on ne verra plus la cuisine sous le même angle foodwars
87%
il connait pas ses parents, son père l'a abandonné et Donc il veut le retrouver hunter x hunter
87%
il a une grosse mallette sur le dos et il est à la poursuite de Michael Jackson demon slayer
86%
littéralement eau de javel bleach
83%
une meuf qui collectionne les clés, et fais appel à un dragons et un chat pour rejoindre le groupe dont elle rêve fairy tail
81%
dans un monde où il faut être discret il a décider de porter un uniforme orange. naruto
79%
les pêchés sont les gentils et les commandements sont les méchants seven deadly sins
79%
si il y à 20ans un mec avait fermé sa bouche, il n'aurais pas lancé la plus grande vague de criminalité jamais connu dans l'histoire one piece
77%
un mec fort mais stupide, il a battu plusieurs fois le méchant principale sans le savoir one punch man
77%
un petit aux cheveux orange et un grande détente fait des ravages haikyuu
72%
des monstres prenne le contrôle des humains mais y'en a un pas doué qui au lieu de prendre le contrôle du cerveau, a pris le contrôle d'une main parasyte
69%
un mec va "date" un meuf mais elle voulais juste le tuer... mais ça ne s'est pas passée comme prévu tokyo ghoul
68%
lui il contrôle le plus grand méchant que la terre ai connue alors que le méchant tappe l'incruste dans son corps jujutsu kaisen
66%
un frère et une sœur (de cœur), rejetés par la société mais très fort aux jeux vidéos, tellement fort que le dieu du monde dans lequel ils sont veut les affronter aux échecs no game no life
66%
un ado trop fort pour le jeu, il peut 1vs8 sans toucher l'adversaire et quand même perdre 0 pv sword art online
66%
un enfant qui veut devenir l'empereur pour pouvoir épouser une bonne sœur black clover
59%
une lapine chaudasse est tombé amoureuse d'un loup beastars
58%
mr muscle fait croire qu'il a des pouvoirs mashle
58%
le mec est tellement intelligent qu'il peut recréer un société technologiquement avancé, et son père le savait dr stone
57%
les gens les plus fort il ont tous une coupe de cheveux en rapport avec leurs nom de famille kuroko no basket
57%
de retour à la seconde guerre mondiale attaque des titans
48%
un mec et son frère on fait l'interdit ducoup, l'un a perdu un bras et une jambe et l'autre a perdu son corps, il lui reste que son âme fullmetall alchemist
47%
un enfant qui a pris le seum que son père soit mort donc il s'entraine avec l'assassin de son père afin de le venger, mais il se fait exploiter vinland saga
46%
la communauté qui contribue à sauver le monde, s'allie à l'église pour faire genre que les âmes des calamité malgré elle sont libéré alors qu'en vrai, ils les tuent fire force
40%
il était ami avec un démon et celui ci lui a donner son cœur chainsaw man
37%
une meuf devient invisible aux yeux des autres à cause de la puberté bunny girl senpai
31%
tous le monde le déteste à cause de l'arme qu'on lui a imposé et comme personne l'aime ses seuls amis sont des esclaves qu'il a acheté au marcher noir the rising of the shield hero
25%
un mec qui fait du basket alors qu'il fait 1m49 ahiru no sora
11%
un dark sasuke qui sauve le frère d'une camarade de classe et depuis il s'aiment horimiya
11%
un prof malgré lui fait un duel face a un chaton banc et perd, mais en vrai il est fort akashic records
7%
le mec est trop fort pour son univers qu'en faisant un teste de puissance il a réveiller un monstre qui avait détruit le monde dans un temps antérieur the daily life of the imortal king
2%
Aucun quiz correspondant
Distribution des résultats
% des personnes avec chaque résultat
Percentile par nombre de réponses
Votre historique - résultats
Vous n’avez pas pris ce quiz